| 000 | 01060cab a2200325 4500 | ||
|---|---|---|---|
| 001 | ABS50454 | ||
| 008 | 090401t1994 xxu||||| |||| 00| 0 eng d | ||
| 035 | _a(Sirsi) u75829 | ||
| 041 | _aeng | ||
| 100 | _aTromans, S. | ||
| 245 | _aRemedying environmental damage: who pays for the clean-up? | ||
| 260 | _c1994 | ||
| 350 | _a0 | ||
| 490 |
_aEuropean Business Monitor _v6(6) March 1994, 41-43(3) |
||
| 520 | _aDiscusses EU proposals for strict and no-fault liability for pollution and UK preferences after "Cambridge Water Co Ltd v Eastern Counties Leather plc" (1993). | ||
| 650 | _aCAMBRIDGE WATER CO LTD V EASTERN COUNTIES LEATHER PLC | ||
| 650 | _aCLEAN-UP | ||
| 650 | _aCONTAMINATED LAND | ||
| 650 | _aEUROPEAN COMMISSION | ||
| 650 | _aEUROPEAN UNION | ||
| 650 | _aGREEN PAPER | ||
| 650 | _aLIABILITY | ||
| 650 | _aPOLLUTION | ||
| 650 | _aRETROSPECTIVE LIABILITY | ||
| 650 | _aSTRICT LIABILITY | ||
| 690 | _aENVIRONMENTAL AND LAND CONSULTANCY | ||
| 700 | _aDarracott, C. | ||
| 942 | _n0 | ||
| 948 | _c04/03/1997 | ||
| 999 |
_c47701 _d47701 |
||